000 00338nam a22001457a 4500
008 210310b ||||| |||| 00| 0 eng d
020 _a9780132055352
041 _aeng
080 _210th
_a338
082 _a338
100 _a53
101 _aMEN
245 _aIntroduction to Management Accounting
_cHorngren, CH. T
942 _2udc
_cBK
999 _c56165
_d56165